000 00323nam a2200145Ia 4500
100 _aBakir/Qurashi
942 _cBK
654 _ainternational
245 _aInternational Conference on Personnal wire
260 _bIEEE
_aNew Delhi
_c1997
082 _a384.5
_bBAK
300 _a540
546 _aENGLISH
999 _c27143
_d27143